书目信息 |
| 题名: |
关联经济一种新的财富视角
|
|
| 作者: | 杜新 著 | |
| 分册: | ||
| 出版信息: | 北京 新华出版社 2007.07 |
|
| 页数: | 391页 | |
| 开本: | 24cm | |
| 丛书名: | ||
| 单 册: | ||
| 中图分类: | F752.733 | |
| 科图分类: | ||
| 主题词: | 对外贸易--世界 | |
| 电子资源: | ||
| ISBN: | 978-7-5011-8002-8 | |
| 000 | 00575nam0 2200217 45 | |
| 001 | 0935722158 | |
| 005 | 20090929095723.00 | |
| 010 | @a978-7-5011-8002-8@dCNY45.00 | |
| 100 | @a20090515d2007 ekmy0 y0120 ea | |
| 102 | @aCN@b130000 | |
| 102 | @aCN@b110000 | |
| 105 | @ay z 000yy | |
| 200 | 1 | @a关联经济一种新的财富视角@f杜新著@Fdu xin zhu |
| 210 | @a北京@c新华出版社@d2007.07 | |
| 215 | @a391页@d24cm | |
| 606 | 0 | @a对外贸易@x世界 |
| 690 | @aF752.733@v4 | |
| 701 | 0 | @a杜新@Adu xin@4著 |
| 801 | 0 | @aCN@c20090929 |
| 905 | @a10447@dF752.733@eD875 | |
| 906 | @d45@n3@r1 | |
| 关联经济一种新的财富视角/杜新著.-北京:新华出版社,2007.07 |
| 391页;24cm |
| ISBN 978-7-5011-8002-8:CNY45.00 |
| ● |
| 相关链接 |
|
|
|
正题名:关联经济一种新的财富视角
索取号:F752.733/D875
 
预约/预借
| 序号 | 登录号 | 条形码 | 馆藏地/架位号 | 状态 | 备注 |
| 1 | 895348 | 208953480 | 社科二线422/422社科库 26排1列1层/ [索取号:F752.733/D875] | 在馆 | |
| 2 | 895349 | 208953499 | 社科库409/409社科库 48排7列1层/ [索取号:F752.733/D875] | 在馆 | |
| 3 | 895350 | 208953505 | 社科库409/409社科库 48排7列1层/ [索取号:F752.733/D875] | 在馆 |